Seven Sisters - Statistics

General Stats
  • This quiz has been taken 105 times
  • The average score is 6 of 7
Answer Stats
Location University % Correct
Wellesley, Massachusetts Wellesley College
94%
Bryn Mawr, Pennsylvania Bryn Mawr College
93%
Poughkeepsie, New York Vassar College
85%
Northampton, Massachusetts Smith College
79%
Morningside Heights, Manhattan, New York Barnard College
76%
Cambridge, Massachusetts Radcliffe College
73%
South Hadley, Massachusetts Mount Holyoke College
68%
No matching quizzes found
Score Distribution
Percent of People with Each Score
Percentile by Number Answered
Your Score History
You have not taken this quiz